Synthesis of Marine Natural Products and Molecules Inspired by Marine Substances II (Record no. 14958)

MARC details
000 -LEADER
fixed length control field 00919nam a2200133Ia 4500
008 - FIXED-LENGTH DATA ELEMENTS--GENERAL INFORMATION
fixed length control field 220615s9999||||xx |||||||||||||| ||und||
020 ## - INTERNATIONAL STANDARD BOOK NUMBER
International Standard Book Number 9783040000000
245 #0 - TITLE STATEMENT
Title Synthesis of Marine Natural Products and Molecules Inspired by Marine Substances II
546 ## - LANGUAGE NOTE
Language note English[eng]
650 ## - SUBJECT ADDED ENTRY--TOPICAL TERM
Topical term or geographic name entry element In-silico drug design||virtual screening||Avicennia alba||gag polyprotein||homology modeling||ADMET||molecular dynamics simulation||divergent total synthesis||marine natural products||tetracyclic meroterpenoids||aureol||(−)-majusculoic acid||anti-inflammation||LPS||CCK-8||animal studies||marine alkaloids||biological activity||cancer||cardiovascular diseases||inflammation||chemical synthesis||ilamycins||rufomycins||cyclomarins||tuberculosis||malaria||cyclopeptides||biosynthesis||total synthesis||natural products||n/a
700 ## - ADDED ENTRY--PERSONAL NAME
Personal name Manzo, Emiliano
856 ## - ELECTRONIC LOCATION AND ACCESS
Uniform Resource Identifier <a href="https://mdpi.com/books/pdfview/book/4687">https://mdpi.com/books/pdfview/book/4687</a>
942 ## - ADDED ENTRY ELEMENTS (KOHA)
Koha item type E-Books
Holdings
Withdrawn status Lost status Damaged status Not for loan Home library Current library Date acquired Total Checkouts Date last seen Price effective from Koha item type
        Kerala University of Digital Sciences, Innovation and Technology Knowledge Centre Kerala University of Digital Sciences, Innovation and Technology Knowledge Centre 15/06/2022   15/06/2022 15/06/2022 E-Books